000 00593nam a2200181Ia 4500
008 100920s9999 xx 000 0 und d
082 _b100348
_a200 न 07
100 _aकुंटे जगन्नाथ.
245 _aनित्य निरंजन.
260 _bप्राजक्त प्रकाशन, पुणे.
_c2007
300 _a224
_bसाधी
365 _b200
520 _aधार्मिक.
630 _aनित्य निरंजन.
650 _aधार्मिक.
730 _aनित्य निरंजन.
942 _cBOOK
999 _c740786
_d740783